Pablo de Tarso: ciudadano del imperio

Uloženo v:
Podrobná bibliografie
Hlavní autor: Dreyfus, Paul (Autor)
Médium: Kniha
Jazyk:španělština
Vydáno: Madrid Ediciones Palabra 2008
Vydání:4a. ed
Edice:Ayer y Hoy de la Historia,
Témata:
Tagy: Přidat tag
Žádné tagy, Buďte první, kdo vytvoří štítek k tomuto záznamu!

MARC

LEADER 00000cam a2200000 a 4500
001 UCD2036
003 CL-VaPUC
008 160407e20081000sp |||||||||||||||||spa|d
020 |a 9788498401516 
082 0 4 |a 226.6  |b DRE  |2 21 
100 0 |a Dreyfus, Paul  |e author  |9 585281 
245 1 0 |a Pablo de Tarso: ciudadano del imperio 
250 |a 4a. ed 
300 |a 485 p 
942 |c BK 
945 |d 20160407 22:06:00  |a arojas 
260 |a Madrid  |b Ediciones Palabra  |c 2008 
600 0 7 |a PABLO DE TARSO  |2 CL-VaPUC  |9 411123 
650 0 |a Apóstoles   |9 444286 
650 0 |a Hechos de los apóstoles  |9 483141 
583 |a last modification  |c 20160407 22:06:00  |k Rodrigo Vera 
490 0 |a Ayer y Hoy de la Historia, 
999 |c 363242  |d 363240 
952 |0 0  |1 0  |3 erb  |4 0  |6 226_600000000000000_DRE_2008  |7 0  |8 A  |9 475130  |a BIBTEO  |b BIBTEO  |i 5280400  |o 226.6 DRE 2008  |p 5280400  |r 2025-01-17  |w 2019-11-24  |y BK  |z Catalogado en:20160407  |k ICR